Statystyki dla Spikselizowana Mapa Polski

Kliknij tutaj aby rozwiązać quiz!

Ogólne statystyki

  • Ten quiz został rozwiązany 6 842 razy
  • Średni wynik to 267 z 347

Odpowiedzi na mapie

Odpowiedzi skodowane kolorowo w zielono-czerwonej skali na mapie do tego quizu, zgodnie z poniższymi procentami.
 

Statystyki odpowiedzi

Piksel% Poprawnych
województwo mazowieckie
90%
województwo pomorskie
88%
województwo lubuskie
81%
województwo wielkopolskie
81%
województwo lubelskie
80%
województwo śląskie
80%
województwo małopolskie
78%
województwo podlaskie
77%
województwo zachodniopomorskie
77%
województwo dolnośląskie
74%
województwo opolskie
72%
województwo warmińsko-mazurskie
72%
województwo łódzkie
71%
województwo podkarpackie
68%
województwo kujawsko-pomorskie
67%
województwo świętokrzyskie
61%

Rozkład punktacji

Percentyl według liczby udzielonych odpowiedzi

Procent ludzi z każdym wynikiem

Twoja historia wyników

Nie rozwiązałeś tego quizu